000 00698nam a2200205Ia 4500
003 GCL
008 140319s9999 xx 000 0 ara d
040 _aGCL /
_cGCL
082 0 4 _a811.009
_bع ر
100 1 _aعدنان حقى
245 1 0 _aربيع الحياة فى مملكة الله : شهادات ودراسات فى شعر عبدالوهاب البياتى /
_cعدنان حقى
300 _a93 ص
490 _a
650 0 4 _aالادب العربى
650 0 4 _aالشعر العربى - تاريخ ونقد
650 0 4 _aعبدالوهاب البياتى
650 0 4 _aالشعر العربى - العراق
650 0 4 _aالشعراء العراقيون
942 _2ddc
_cBK
999 _c47642
_d47642